000 00379pab a2200145 454500
008 180718b1987 xxu||||| |||| 00| 0 eng d
100 _aRangarajan, C.
245 _aThe balance of payments scenario
260 _c1987
300 _a69-72
362 _aApril-June
650 _aBalance of Payments - India
773 _aJournal of the Indian Institute of Bankers
909 _a4176
999 _c4176
_d4176